| 000 | 00577nam a2200193 i 4500 | ||
|---|---|---|---|
| 001 | 90104 | ||
| 003 | ES-MaACL | ||
| 005 | 20250816062546.0 | ||
| 007 | t| | ||
| 008 | 050118s1971 ag ||||1| spa d | ||
| 100 | 1 |
_aLefebvre, Henri. _971225 |
|
| 245 | 1 | 0 |
_aContribución a la estética / _cHenri Lefebvre ; [traducción de Marcos Winograd]. |
| 260 |
_aBuenos Aires : _bLa Pléyade, _c[1971] |
||
| 300 |
_a157 p. ; _c20 cm. |
||
| 650 | 7 |
_aEstética _2embne _9142387 |
|
| 700 | 1 |
_aWinograd, Marcos. _9117099 |
|
| 852 |
_aES-MaACL _jE-8927 _bR.93262 |
||
| 999 |
_c90104 _d90104 |
||